Longest Eurovision Top 10 Streaks - Statistics

General Stats
  • This quiz has been taken 100 times
    40 since last reset
  • The average score is 10 of 11
Answer Stats
# Year(s) Songs Country % Correct
20 1957-1977 All | Sing, Little Birdie | Looking High, High, High | Are You Sure? | Ring-a-Ding Girl | Say Wonderful Things | I Love the Little Things | I Belong | A Man Without Love | Puppet on a String | Congratulations | Boom Bang-a-Bang | Knock, Knock Who's There? | Jack in the Box | Beg, Steal or Borrow | Power to All Our Friends | Long Live Love | Let Me Be the One | Save Your Kisses for Me | Rock Bottom United Kingdom
100%
9 1957-1965 Skibet skal sejle i nat | Jeg rev et blad ud af min dagbog | Uh, jeg ville ønske jeg var dig | Det var en yndig tid | Angelique | Vuggevise | Dansevise | Sangen om dig | For din skyld Denmark
97%
9 1957-1965 La belle amour | Dors, mon amour | Oui, oui, oui, oui | Tom Pillibi | Printemps, avril carillonne | Un premier amour | Elle était si jolie | Le chant de Mallory | N'avoue jamais France
97%
9 2017- Occidentali's Karma | Non mi avete fatto niente | Soldi | Zitti e buoni | Brividi | Due vite | La noia | Volevo essere un duro | Per sempre sì Italy
97%
8 2004-2011 Shake It | My Number One | Everything | Yassou Maria (Γεια σου Μαρία) | Secret Combination | This Is Our Night | Opa (Ώπα) | Watch My Dance Greece
95%
10 1966-1975 Yo soy aquél | Hablemos del amor | La, la, la | Vivo cantando | Gwendolyne | En un mundo nuevo | Amanece | Eres tú | Canta y sé feliz | Tú volverás Spain
95%
8 1966-1973 Die Zeiger der Uhr | Anouschka | Ein Hoch der Liebe | Primaballerina | Wunder gibt es immer wieder | Diese Welt | Nur die Liebe läßt uns leben | Junger Tag Germany
86%
9 1957-1965 Corde della mia chitarra | Nel blu, dipinto di blu | Piove (Ciao, ciao bambina) | Romantica | Al di là | Addio, addio | Uno per tutte | Non ho l'età | Se piangi, se ridi Italy
86%
8 1979-1986 Mary Ann | Love Enough for Two | Making Your Mind Up | One Step Further | I'm Never Giving Up | Love Games | Love Is... | Runner in the Night United Kingdom
86%
8 1956-1963 Refrain | L'Enfant que j'étais | Giorgio | Irgendwoher | Cielo e terra | Nous aurons demain | Le Retour | T'en va pas Switzerland
84%
8 1975-1982 Mikado | Djambo, Djambo | Swiss Lady | Vivre | Trödler und Co | Cinéma | Io senza te | Amour on t'aime Switzerland
76%
No matching quizzes found
Score Distribution
Percent of People with Each Score
Percentile by Number Answered
Your Score History
You have not taken this quiz since the last reset